000
00267 a2200109 4500
005
20260121155238.0
020
_a
8172248911
100
_a
Jaico
_9
149791
245
_a
Digital Systems Testing And Testable Design
260
_b
Jaico Publishing House
_c
2014
942
_c
AR
999
_c
369930
_d
369930